000
00284 a2200145 4500
001
173311
020
_a
040
_c
Magnum
100
_a
Saldanha, Paula
240
1
0
_a
Mil borboletas
_l
por
245
1
0
_a
Mil borboletas
362
0
_a
1899
697
_a
IJ/ECOLOGIA
942
_c
BK
999
_c
173311
_d
173311